00542nam a22001697a 450000500170000001000150001702000260003203500140005803700130007208200140008510000140009924500340011326000410014727001290018830000200031750000350033720180821161204.0 aENG-123750 a9788170494379c495.00 aEN-107282 bDBAD/PUB a355.00954 aJha, Arun aGeneral Salute /cby Arun Jha aNew Delhi bManas Publicationsc2012 a4402/5-A, Ansari Road, (Opp. HDFC Bank) Darya Ganj, bNew Delhie110002k011-23260783, 23265523mmanaspublications@yahoo.com a200p.c21cm(Hb) aIt includes epilogue and index